Statistics for Pokémon Conquest Warlord and Junior Warlord Perfect Links

Click here to take the quiz!

General Stats

  • This quiz has been taken 31 times
  • The average score is 57 of 83

Answer Stats

HintAnswer% Correct
Hero/Heroine IEevee
95%
Hero/Heroine IIIArceus
90%
Hero/Heroine IIEspeon
86%
Hero/Heroine IIFlareon
86%
Hero/Heroine IIGlaceon
86%
Hideyoshi IIInfernape
86%
Hero/Heroine IIJolteon
86%
Hero/Heroine IILeafeon
86%
Ginchiyo ILuxio
86%
Ginchiyo IILuxray
86%
Hideyoshi IMonferno
86%
Hero/Heroine IIUmbreon
86%
Hero/Heroine IIVaporeon
86%
Yoshihiro IIConkeldurr
81%
Motochika IDewott
81%
Shingen IIGroudon
81%
Yoshihiro IGurdurr
81%
Nobunaga IHydreigon
81%
Kenshin IIMewtwo
81%
Yoshimoto IPineco
81%
Hideyoshi IIIReshiram
81%
Motochika IISamurott
81%
Motonari IISerperior
81%
Motonari IServine
81%
Aya IIFroslass
76%
Oichi IJigglypuff
76%
Mitsuhide ILapras
76%
No IMisdreavus
76%
No IIMismagius
76%
Shingen IRhyperior
76%
Oichi IIWigglytuff
76%
Nobunaga IIZekrom
76%
Kotaro IIZoroark
76%
Kotaro IZorua
76%
Mitsuhide IIArticuno
71%
Yukimura IICharizard
71%
Yukimura ICharmeleon
71%
Nene IICrobat
71%
Kenshin IGallade
71%
Nene IGolbat
71%
Hanbei IPikachu
71%
Nobunaga IIRayquaza
71%
Kunoichi ISneasel
71%
Muneshige IIStaraptor
71%
Muneshige IStaravia
71%
Kunoichi IIWeavile
71%
Ujiyasu IBoldore
67%
Hanzo IIGengar
67%
Ujiyasu IIGigalith
67%
Hanzo IHaunter
67%
Kanetsugu IKadabra
67%
Hanbei IIRaichu
67%
Aya ISnorunt
67%
Ieyasu IAggron
62%
Kanetsugu IIAlakazam
62%
Yoshimoto IIForetress
62%
Masanori IKrokorok
62%
Masanori IIKrookodile
62%
Ieyasu IIRegisteel
62%
Masamune IRufflet
62%
Masamune IIBraviary
57%
Kanbei IIChandelure
57%
Tadakatsu IIDialga
57%
Ina IIEmpoleon
57%
Kiyomasa IFraxure
57%
Kiyomasa IIHaxorus
57%
Kanbei ILampent
57%
Ranmaru IILucario
57%
Ina IPrinplup
57%
Ranmaru IRiolu
57%
Mitsunari IIBisharp
52%
Kai IIDarmanitan
52%
Kai IDarumaka
52%
Gracia IIGothitelle
52%
Tadakatsu IMetagross
52%
Mitsunari IPawniard
52%
Gracia IGothorita
48%
Okuni ILarvesta
48%
Okuni IIVolcarona
48%
Keiji IBastiodon
43%
Magoichi IGrovyle
43%
Magoichi IISceptile
43%
Keiji IITerrakion
38%

Score Distribution

Percentile by Number Answered

Percent of People with Each Score

Your Score History

You have not taken this quiz